00432nam a2200145Ia 4500008004100000041000800041082001700049100001600066245006900082250001200151260003300163300002700196365001600223700004700239230718s9999 xx 000 0 und d aeng a004.165bMAZ aMazidi M.A. a8051 Microcontroller And Embedded Systems bUsing Assembly And C a2nd ed. c2006bPrentice Hall Of India a626dRef 955 E (27104) cRs.b350.00 aMazidi M.A.; Mazidi J.G. & Mckinaly R.D.